La confesión de un hijo del siglo /
Guardado en:
| Autor Principal: | |
|---|---|
| Otros Autores: | |
| Formato: | Libro |
| Idioma: | Undetermined |
| Publicado: |
Barcelona :
Feliu y Susanna Editores,
[s.d.]
|
| Materias: | |
| Etiquetas: |
Agregar Etiqueta
Sin Etiquetas, Sea el primero en etiquetar este registro!
|
| LEADER | 00544nam a22001575a 4500 | ||
|---|---|---|---|
| 001 | EHU.bham048331 | ||
| 005 | 20110922151501.0 | ||
| 008 | 110922s1950####sp############000#0#und#d | ||
| 100 | 1 | |a De Musset, Alfredo. | |
| 245 | 0 | 0 | |a La confesión de un hijo del siglo / |c Alfredo de Musset; traducción de T. Orts Ramos. |
| 260 | |a Barcelona : |b Feliu y Susanna Editores, |c [s.d.] | ||
| 300 | |a 367 p. | ||
| 653 | |a Novela autobiográfica | ||
| 653 | |a Europa | ||
| 700 | 1 | |a Orts Ramos, T., |e tr. | |
| 859 | |a AR-BHAM |b BIB. HUMANIDADES - Donacion Lejarraga |h MFN002550 |p 002550.19 | ||
